Deadly musings (Record no. 5363)
[ view plain ]
| 000 -LEADER | |
|---|---|
| fixed length control field | 01287nam a2200325 a 4500 |
| 001 - CONTROL NUMBER | |
| control field | ebr10002101 |
| 003 - CONTROL NUMBER IDENTIFIER | |
| control field | CaPaEBR |
| 006 - FIXED-LENGTH DATA ELEMENTS--ADDITIONAL MATERIAL CHARACTERISTICS--GENERAL INFORMATION | |
| fixed length control field | m u |
| 007 - PHYSICAL DESCRIPTION FIXED FIELD--GENERAL INFORMATION | |
| fixed length control field | cr cn||||||||| |
| 008 - FIXED-LENGTH DATA ELEMENTS--GENERAL INFORMATION | |
| fixed length control field | 921028s1993 nju sb 001 0 eng |
| 010 ## - LIBRARY OF CONGRESS CONTROL NUMBER | |
| Canceled/invalid LC control number | 92036088 |
| 020 ## - INTERNATIONAL STANDARD BOOK NUMBER | |
| Cancelled/invalid ISBN | 0691069735 (acid-free paper) |
| 040 ## - CATALOGING SOURCE | |
| Original cataloging agency | CaPaEBR |
| Transcribing agency | CaPaEBR |
| 035 ## - SYSTEM CONTROL NUMBER | |
| System control number | (OCoLC)614714066 |
| 050 14 - LIBRARY OF CONGRESS CALL NUMBER | |
| Classification number | PS374.V58 |
| Item number | K68 1993eb |
| 082 04 - DEWEY DECIMAL CLASSIFICATION NUMBER | |
| Classification number | 813.009/355 |
| Edition number | 20 |
| 100 1# - MAIN ENTRY--PERSONAL NAME | |
| Personal name | Kowalewski, Michael. |
| 245 10 - TITLE STATEMENT | |
| Title | Deadly musings |
| Medium | [electronic resource] : |
| Remainder of title | violence and verbal form in American fiction / |
| Statement of responsibility, etc | Michael Kowalewski. |
| 260 ## - PUBLICATION, DISTRIBUTION, ETC. (IMPRINT) | |
| Place of publication, distribution, etc | Princeton, N.J. : |
| Name of publisher, distributor, etc | Princeton University Press, |
| Date of publication, distribution, etc | c1993. |
| 300 ## - PHYSICAL DESCRIPTION | |
| Extent | x, 301 p. |
| 504 ## - BIBLIOGRAPHY, ETC. NOTE | |
| Bibliography, etc | Includes bibliographical references (p. 257-290) and index. |
| 533 ## - REPRODUCTION NOTE | |
| Type of reproduction | Electronic reproduction. |
| Place of reproduction | Palo Alto, Calif. : |
| Agency responsible for reproduction | ebrary, |
| Date of reproduction | 2013. |
| Note about reproduction | Available via World Wide Web. |
| -- | Access may be limited to ebrary affiliated libraries. |
| 650 #0 - SUBJECT ADDED ENTRY--TOPICAL TERM | |
| Topical term or geographic name as entry element | American fiction |
| General subdivision | History and criticism. |
| Topical term or geographic name as entry element | Violence in literature. |
| Topical term or geographic name as entry element | Style, Literary. |
| Topical term or geographic name as entry element | Literary form. |
| 655 #7 - INDEX TERM--GENRE/FORM | |
| Genre/form data or focus term | Electronic books. |
| Source of term | local |
| 710 2# - ADDED ENTRY--CORPORATE NAME | |
| Corporate name or jurisdiction name as entry element | ebrary, Inc. |
| 856 40 - ELECTRONIC LOCATION AND ACCESS | |
| Uniform Resource Identifier | <a href="http://site.ebrary.com/lib/rucke/Doc?id=10002101">http://site.ebrary.com/lib/rucke/Doc?id=10002101</a> |
| Public note | An electronic book accessible through the World Wide Web; click to view |
No items available.
